| 000 | 00354nam a22001457a 4500 | ||
|---|---|---|---|
| 003 | OSt | ||
| 005 | 20160727222454.0 | ||
| 008 | 160705b xxu||||| |||| 00| 0 eng d | ||
| 040 | _cTEST | ||
| 100 |
_92116 _a Teitler, R |
||
| 245 | _aTaming & Training Lovebirds | ||
| 260 |
_aUSA _b T.F.H. _c1979 |
||
| 300 | _aTaming & Training Lovebirds | ||
| 942 |
_2ddc _cBK |
||
| 999 |
_c1811 _d1811 |
||